00341nam a2200133 a 45000010010000000030011000100080041000210350026000620820014000881000017001022450032001192600041001516500015001920000-9373ELIB.Books110520 1969  a(ELIB.Books)0000-9525 a150 bPow aPowell, John aWhy am I Afraid to tell you bChicago: Argus Communications c1969 aPsychology